Lâm sàng thần kinh
Sách cung cấp các phương pháp khám lâm sàng hệ thần kinh và làm bệnh án bệnh thần kinh; trình bày các hội chứng thần kinh và định khu tổn thương hệ thần kinh; sau cùng các các phương pháp xét nghiệm bổ sung...
Bewaard in:
| Hoofdauteur: | |
|---|---|
| Formaat: | Boek |
| Taal: | Undetermined |
| Gepubliceerd in: |
Hà Nội
Y học
1998
|
| Onderwerpen: | |
| Tags: |
Voeg label toe
Geen labels, Wees de eerste die dit record labelt!
|
| Thư viện lưu trữ: | Trung tâm Học liệu Trường Đại học Cần Thơ |
|---|
| LEADER | 00815nam a2200181Ia 4500 | ||
|---|---|---|---|
| 001 | CTU_27863 | ||
| 008 | 210402s9999 xx 000 0 und d | ||
| 082 | |a 616.89 | ||
| 082 | |b L561/T1 | ||
| 100 | |a Hồ Hữu Lương | ||
| 245 | 0 | |a Lâm sàng thần kinh | |
| 245 | 0 | |c Hồ Hữu Lương | |
| 260 | |a Hà Nội | ||
| 260 | |b Y học | ||
| 260 | |c 1998 | ||
| 520 | |a Sách cung cấp các phương pháp khám lâm sàng hệ thần kinh và làm bệnh án bệnh thần kinh; trình bày các hội chứng thần kinh và định khu tổn thương hệ thần kinh; sau cùng các các phương pháp xét nghiệm bổ sung | ||
| 650 | |a nervous systems - diseases - diagnosis | ||
| 980 | |a Trung tâm Học liệu Trường Đại học Cần Thơ | ||